Genetics, Evolution and Man
| Main Authors: | , |
|---|---|
| Format: | Section = Libro |
| Language: | Undetermined Spanish |
| Published: |
United States
Freeman and Company
1976
|
| Subjects: |
| LEADER | 00534nam a2200205Ia 4500 | ||
|---|---|---|---|
| 008 | 240830s9999 xx 000 0 und d | ||
| 020 | |a 0-7167-0573-7 | ||
| 040 | |a CEDOC FIQ-RUSB / 570 B668 | ||
| 041 | |a spa | ||
| 082 | |a 570 B668 | ||
| 100 | 1 | |a Bodmer, W. F. | |
| 100 | 1 | |b Sforza, Cavalli L. | |
| 245 | 1 | 0 | |a Genetics, Evolution and Man |
| 260 | |a United States |b Freeman and Company |c 1976 | ||
| 300 | |a 782 p.: il. | ||
| 650 | 7 | |a CIENCIAS BIOLÓGICAS | |
| 650 | 7 | |b GENÉTICA Y HOMBRE | |
| 942 | |c BK |2 ddc | ||
| 991 | |a TEXTO | ||
| 999 | |c 27121 | ||